000 00843cam a22002771 4500
001 sa 65009676
003 DLC
005 20260227112203.0
008 900117s1962 ii b 000 0 kano
010 _asa 65009676
035 _a(OCoLC)20915741
040 _aDLC
_cWaU
_dDLC
042 _apremarc
043 _aa-ii---
050 0 0 _aBL1215.M9
_bR316 1962
100 1 _aRanade, R. D.
_q(Ramchandra Dattatraya).
245 1 0 _aKannaḍa santara paramārtha patha.
_bPathway to God in Kannada literature.
260 _c1962.
300 _axvi, 308 p.
_c23 cm.
500 _aIn Kannada.
504 _aBibliography: p. [292]-293.
650 0 _aMysticism
_xHinduism.
650 0 _aKannada literature
_xHistory and criticism.
700 1 _aDeshpande, M. S.
_q(Manohar Srinivas),
_d1899-
740 0 _aPathway to God in Kannada literature.
999 _c66348
_d66348